1905 1260 1386 1536 1241 1430 1669 1862 1457 1321 1036 1042 1249 1355 1040 1355 1415 1896 1079 1579 1800 1069 1729 1780 1382 1117 1986 1606 1667 1114 1942 1653 1086 1158 1981 1485 1745 1249 1485 1659 1130 1287 1937 1351 1854 1310 1937 1151 1512 1187 1047 1272 1227 1265 1551 1580 1701 1798 1760 1240 1615 1408 1513 1574 1870 1517 1434 1709 1311 1373 1900 1544 1821 1237 1490 1194 1027 1657 1162 1565 1992 1949 1871 1086 1632 1043 1414 1131 1929 1816 1846 1524 1613 1412 1411 1807 1059 1828 1413 BCNSPRNW ULIB Ver.6.0+V

เปลี่ยนเป็นภาษาไทย

Change to English
 แสดงรายละเอียดบรรณานุกรม
  กลับหน้าหลัก

Brief Record : Get Marc (ISO 2709) : E-mail record : QR code < ปิดหน้าต่าง
LEADER : 00000nam 2200000uu 4500
001    13399113442
003     ULIB
008    111116s2549||||th 000 0 tha d
020    ^a9742298815(ล.2)
060 04 ^aW26^bว583 ล.2 2549
245 00 ^aวิทยาการวัสดุการแพทย์.^nเล่ม 2 /^cโดย จินตมัย สุวรรณประทีป, สิริพร โตนดแก้ว, มาลินี ประสิทธิ์ศิลป์
250    ^aพิมพ์ครั้งที่ 1
260    ^aปทุมธานี :^bโปรแกรมวิจัยวัสดุและอุปกรณ์การแพทย์ศูนย์เทคโนโลยีโลหะและวัสดุแห่งชาติ,^c2549
300    ^a134 หน้า :^bภาพประกอบ ;^c21 ซม
650  7 ^aเครื่องมือแพทย์^vรวมเรื่อง
650  7 ^aเทคโนโลยีทางแพทย์^vรวมเรื่อง
650  7 ^aทันตวัสดุ^vรวมเรื่อง
650  7 ^aนาโนเทคโนโลยี
650  7 ^aเงิน (แร่)
653    ^aกระดูกเทียม
700 0  ^aมาลินี ประสิทธ์ศิลป์
700 0  ^aจินตมัย สุวรรณประทีป
700 0  ^aสิริพร โตนดแก้ว
710 2  ^aศูนย์เทคโนโลยีและวัสดุแห่งชาติ.^bโปรแกรมวิจัยและอุปกรณ์การแพทย์
945    ^p80^l0^i14111
945    ^p80^l0^i14110
995    ^aกัณชพร
999    ^aใช้งานได้ทุกระบบ
รายการนี้ยังไม่มีแท็ก
คุณยังไม่ได้ล็อกอิน คุณสามารถมีกิจกรรมร่วมกับเว็บไซต์ได้ แต่ต้องล็อกอินก่อน ::
  ล็อกอิน

รายการสื่อสารสนเทศ

ลำดับที่ ประเภท เลขเรียก/บาร์โค้ด สถานที่ สถานะ
- ไม่พบข้อมูล -

รายการใกล้เคียง
    หัวเรื่อง [นาโนเทคโนโลยี]
    หัวเรื่อง [เงิน (แร่)]

BibComment


ยังไม่เคยถูกคอมเมนท์

คอมเมนท์ทรัพยากรรายการนี้
  คอมเมนท์: วิทยาการวัสดุการ..


 Copyright 2026. Bcnsprnw @Library